Volkswagen Car Models Worldwide 2024-25 - Statistics

General Stats
  • This quiz has been taken 910 times
    234 since last reset
  • The average score is 42 of 97
Answer Stats
Hint Answer % Correct
Compact Hatchback Golf
95%
Hot Hatch Golf GTD
95%
Compact Hatchback PHEV Golf GTE
95%
Hot Hatch Golf GTI
95%
Hot Hatch Golf GTI Clubsport
95%
Hot Hatch Golf R
95%
Compact Sport Wagon Golf R Sportwagen
95%
Compact MPV Golf Sportsvan
95%
Compact Wagon Golf Sportwagen
95%
Subcompact Hatchback Polo
87%
Hot Hatch Polo GTI
87%
Hot Hatch Polo GTS
87%
Midsize Sedan Magotan
83%
Midsize Sedan Passat
83%
Midsize PHEV Sedan Passat PHEV
83%
Midsize Wagon Passat Sportwagen
83%
Compact Crossover Tiguan
83%
Compact Crossover PHEV Tiguan PHEV
81%
Compact Sport Sedan Jetta GLI
62%
Compact Sedan Jetta/Sagitar
62%
Compact Crossover EV ID.4
61%
Compact Sport Crossover EV ID.4 GTX
61%
Compact Crossover EV ID.4 X
61%
Compact Hatchback EV ID.3
59%
Subcompact Crossover T-Roc
59%
Subcompact Crossover Convertible T-Roc Cabriolet
59%
Subcompact Sport Crossover T-Roc R
59%
Midsize Liftback Arteon/CC
57%
Midsize Wagon Arteon/CC Shooting Brake
57%
Midsize Sport Liftback Arteon R
57%
Midsize Sport Wagon Arteon R Shooting Brake
57%
Compact Coupe Crossover EV ID.5
57%
Compact Sport Coupe Crossover EV ID.5 GTX
57%
Commercial Van Caravelle
56%
Commercial Van Transporter
56%
Midsize Crossover Touareg
55%
Midsize Crossover PHEV Touareg PHEV
55%
Midsize Sport Crossover PHEV Touareg R PHEV
55%
Midsize Crossover EV ID.6
53%
Midsize Crossover EV ID.6X
53%
Midsize Sedan EV ID.7
53%
Midsize Wagon EV ID.7 Tourer
53%
Midsize Wagon EV ID.7 Tourer GTX
53%
Midsize Pickup Amarok
52%
Subcompact Crossover T-Cross/Tacqua/Taigun
51%
City Car Cross up!
50%
City Car up!
50%
Hot Hatch up! GTI
50%
Commercial Van Caddy
48%
Minivan EV ID.Buzz
47%
Commercial Van EV ID.Buzz Cargo
47%
Compact MPV Cross Touran L
46%
Compact MPV Touran
46%
Minivan EV ID.Buzz GTX
42%
Camper Van Grand California
38%
Subcompact Crossover Nivus/Taigo
33%
Midsize Crossover Atlas
32%
Midsize Coupe Crossover Atlas Cross Sport
32%
Minivan Sharan
30%
Compact Sedan Bora
27%
Compact Sedan EV e-Bora
27%
Commercial Van Crafter
26%
Commercial Van EV e-Crafter
26%
Compact Crossover Tayron
25%
Compact Crossover PHEV Tayron GTE
25%
Compact Crossover Tayron L
25%
Compact Coupe Crossover Tayron X
25%
Compact Crossover Taos
22%
Midsize MPV Multivan
20%
Racecar EV ID.R
12%
Subcompact Sedan Virtus
12%
Subcompact Sport Sedan Virtus GTS
12%
Subcompact Crossover Tera
11%
Bus Volksbus
11%
Compact Pickup Saveiro
10%
Compact Sedan EV e-Lavida
8%
Compact Wagon Gran Lavida
8%
Compact Sedan Lavida
8%
Executive Sedan Phideon
8%
Compact Wagon Cross Santana
7%
Compact Wagon Gran Santana
7%
Compact Sedan Lamando L
7%
Compact Sedan Santana
7%
Midsize Crossover Talagon
7%
Midsize Crossover Teramont
7%
Midsize Crossover Teramont Pro
7%
Midsize Coupe Crossover Teramont X
7%
Compact Crossover EV e-Tharu
5%
Midsize Crossover Tavendor
5%
Compact Crossover Tharu
5%
Compact Crossover Tharu XR
5%
Minivan Viloran
5%
Commercal Truck Constellation
3%
Compact Crossover EV ID.Uynx
2%
Comercial Truck Delivery
1%
Commercial Truck EV e-Delivery
1%
Commercial Truck Meteor
1%
No matching quizzes found
Score Distribution
Percent of People with Each Score
Percentile by Number Answered
Your Score History
You have not taken this quiz since the last reset